Billy Joel: Albums by Cover - Statistics

General Stats
  • This quiz has been taken 97 times
  • The average score is 10 of 13
Answer Stats
Picture Hint Answer % Correct
1973 Piano Man
95%
1977 The Stranger
91%
1978 52nd Street
84%
1983 An Innocent Man
84%
1980 Glass Houses
84%
1976 Turnstiles
80%
1993 River of Dreams
78%
1982 The Nylon Curtain
76%
1989 Storm Front
75%
1971 Cold Spring Harbor
71%
1986 The Bridge
64%
1974 Streetlife Serenade
61%
2001 Fantasies & Delusions
33%
No matching quizzes found
Score Distribution
Percent of People with Each Score
Percentile by Number Answered
Your Score History
You have not taken this quiz